Canadian criminology: annotated bibliography; crime and the administration of criminal justice in Canada = Criminologie canadienne
| Main Author: | |
|---|---|
| Format: | Print Book |
| Language: | English French |
| Published: |
Montréal
Centre International de Criminologie Comparée
1976
|
| In: | Year: 1976 |
| Availability in Tübingen: | Present in Tübingen. UB: KB 1 B 919 |
| Check availability: | HBZ Gateway |
| Subito Delivery Service: | Order now. |
MARC
| LEADER | 00000cam a22000002c 4500 | ||
|---|---|---|---|
| 001 | 1098861426 | ||
| 003 | DE-627 | ||
| 005 | 20220514162336.0 | ||
| 007 | tu | ||
| 008 | 920626s1976 xx ||||| 00| ||eng c | ||
| 035 | |a (DE-627)1098861426 | ||
| 035 | |a (DE-576)028861426 | ||
| 035 | |a (DE-599)BSZ028861426 | ||
| 035 | |a (OCoLC)311670490 | ||
| 040 | |a DE-627 |b ger |c DE-627 |e rakwb | ||
| 041 | |a eng |a fre | ||
| 100 | 1 | |a Mayer, Katia L. |0 (DE-627)123915688X |0 (DE-576)169156885 |4 aut | |
| 109 | |a Mayer, Katia L. |a Luce Mayer, Katia | ||
| 245 | 1 | 0 | |a Canadian criminology |b annotated bibliography; crime and the administration of criminal justice in Canada = Criminologie canadienne |c prép. par Katia Luce Mayer |
| 246 | 3 | 1 | |a Criminologie canadienne |
| 246 | 3 | 3 | |a Criminologie canadienne |
| 264 | 1 | |a Montréal |b Centre International de Criminologie Comparée |c 1976 | |
| 300 | |a XVIII, 726 S. | ||
| 336 | |a Text |b txt |2 rdacontent | ||
| 337 | |a ohne Hilfsmittel zu benutzen |b n |2 rdamedia | ||
| 338 | |a Band |b nc |2 rdacarrier | ||
| 583 | 1 | |a Archivierung prüfen |c 20200919 |f DE-640 |z 1 |2 pdager | |
| 951 | |a BO | ||
| ELC | |b 1 | ||
| LOK | |0 000 xxxxxcx a22 zn 4500 | ||
| LOK | |0 001 2187363937 | ||
| LOK | |0 003 DE-627 | ||
| LOK | |0 004 1098861426 | ||
| LOK | |0 005 20020606000000 | ||
| LOK | |0 008 920626||||||||||||||||ger||||||| | ||
| LOK | |0 040 |a DE-21 |c DE-627 |d DE-21 | ||
| LOK | |0 852 |a DE-21 | ||
| LOK | |0 852 1 |c KB 1 B 919 |9 00 | ||
| LOK | |0 935 |a krim | ||
| LOK | |0 936ln |a k1.2 | ||
| LOK | |0 939 |a 26-06-92 |b l01 | ||
| ORI | |a SA-MARC-krimdoka001.raw | ||
| SIG | |a UB: KB 1 B 919 | ||
